00508nam a2200181Ia 4500008004100000020001800041082000800059100002800067245002900095250000600124260002800130300001600158500002400174650001400198942000700212952009000219999001700309230524s9999 xx 000 0 und d a9780195685687 bTON aBenson H. Tongue942630 0aPrinciples of Vibration  a4 aNew DelhibOxfordc2010 a"VII,516p;" aQuantity Number: 1 aMechanics cBK 00104070aTATCLbTATCLcGENd2023-05-24l0o TONp54023r2023-05-24w2023-05-24yBK c57641d57641